Πωλήσεις:οργάνωση και πρακτική = Selling:management and practece
Αποθηκεύτηκε σε:
| Κύριος συγγραφέας: | |
|---|---|
| Άλλοι συγγραφείς: | |
| Μορφή: | Βιβλίο |
| Γλώσσα: | Greek |
| Δημοσίευση: |
Αθήνα :
Κλειδάριθμος,
1994
|
| Θέματα: | |
| Ετικέτες: |
Προσθήκη ετικέτας
Δεν υπάρχουν, Καταχωρήστε ετικέτα πρώτοι!
|
MARC
| LEADER | 00000nam a2200000 i 4500 | ||
|---|---|---|---|
| 001 | 1/57018 | ||
| 008 | 960516s1994 gre d | ||
| 020 | |a 960-209-236-X | ||
| 035 | |l 10028121 | ||
| 040 | |a GR-MY-UA |b gre |e aacr | ||
| 041 | 0 | |a gre | |
| 082 | 0 | |a 658.81 | |
| 100 | 1 | |a Allen, Peter |d 1937- | |
| 245 | 1 | 0 | |a Πωλήσεις:οργάνωση και πρακτική = |b Selling:management and practece / |c Piter Allen ; Μετάφραση:Φανή Γκίζη |
| 260 | |a Αθήνα : |b Κλειδάριθμος, |c 1994 | ||
| 300 | |a 332 σ. | ||
| 500 | |a Περιλαμβάνει ευρετήριο | ||
| 650 | 0 | 0 | |a Sales management. |
| 700 | 1 | |a Γκίζη, Φανή. |4 trl | |
| 852 | |a INST |b CHIOS |e 19960516 |h 658.81 ALL |p 005200008333 |q 005200008333 |t BK |y 0 | ||
| 909 | |a Χ |b 043221 | ||